Latín y castellano en documentos prerrenacentistas / (Record no. 12538)

MARC details
000 -LEADER
campo de control de longitud fija 00781nam a2200253 i 4500
001 - NÚMERO DE CONTROL
campo de control 12538
003 - IDENTIFICADOR DE NÚMERO DE CONTROL
campo de control ES-MaACL
005 - FECHA Y HORA DE LA ÚLTIMA TRANSACCIÓN
campo de control 20230906150334.0
007 - CAMPO FIJO DE DESCRIPCIÓN FÍSICA--INFORMACIÓN GENERAL
campo de control de longitud fija t|
008 - DATOS DE LONGITUD FIJA--INFORMACIÓN GENERAL
campo de control de longitud fija 961104s1995 sp |||| | spa j
020 ## - NÚMERO INTERNACIONAL ESTÁNDAR DEL LIBRO
Número Internacional Estándar del Libro 84-7882-089-2
080 ## - NÚMERO DE LA CLASIFICACIÓN DECIMAL UNIVERSAL
Número de la Clasificación Decimal Universal 804-3"14/15"
100 1# - ENTRADA PRINCIPAL--NOMBRE DE PERSONA
Nombre de persona González Rolán, Tomás.
9 (RLIN) 58928
245 10 - MENCIÓN DEL TÍTULO
Título Latín y castellano en documentos prerrenacentistas /
Mención de responsabilidad, etc. Tomás González Rolán, Pilar Saquero Suárez-Somonte.
250 ## - MENCION DE EDICION
Mención de edición 1ª ed.
260 ## - PUBLICACIÓN, DISTRIBUCIÓN, ETC.
Lugar de publicación, distribución, etc. Madrid :
Nombre del editor, distribuidor, etc. Clásicas,
Fecha de publicación, distribución, etc. 1995.
300 ## - DESCRIPCIÓN FÍSICA
Extensión VII, 171 p ;
Dimensiones 20 cm.
490 1# - MENCIÓN DE SERIE
Mención de serie Series maior
650 14 - PUNTO DE ACCESO ADICIONAL DE MATERIA--TÉRMINO DE MATERIA
Término de materia o nombre geográfico como elemento de entrada Lenguas románicas-
Subdivisión general Lexicología.
9 (RLIN) 169418
700 1# - ENTRADA AGREGADA--NOMBRE PERSONAL
Nombre de persona Saquero Suárez-Somonte, Pilar.
9 (RLIN) 103731
830 0# - PUNTO DE ACCESO ADICIONAL DE SERIE-TÍTULO UNIFORME
Título uniforme Series maior
9 (RLIN) 179316
852 ## - LOCALIZACIÓN
Ubicación ES-MaACL
Número de control de estantería L-19926
Holdings
Estatus retirado Estado de pérdida Estado de daño No para préstamo Biblioteca de origen Biblioteca actual Ubicación en estantería Fecha de adquisición Fuente de adquisición Total de préstamos Signatura topográfica completa Código de barras Visto por última vez Precio de reemplazo Tipo de ítem Koha
        Biblioteca del Ateneo de Madrid Biblioteca del Ateneo de Madrid Depósito 2 17/01/2008     L-19926 1012774 23/02/2023 23/02/2023 Libro impreso